[Event "Daventry 4NCL U1700"]
[Site "Daventry"]
[Date "2025.04.19"]
[Round "2.12"]
[White "Gunarathne, Miheli"]
[Black "Poliakov, Andrii"]
[Result "1/2-1/2"]
[WhiteElo "1563"]
[BlackElo "1437"]
[PlyCount "85"]
[EventDate "2025.04.18"]
[EventType "swiss"]
[EventRounds "7"]
[EventCountry "ENG"]
[SourceTitle "BritBase"]
[Source "John Saunders"]
[SourceDate "2025.09.18"]
[SourceVersion "1"]
[SourceVersionDate "2025.09.18"]
[SourceQuality "1"]

1. e4 e5 2. Nf3 Nc6 3. Bb5 d6 4. h3 Nf6 5. Qe2 Bd7 6. c3 a6 7. Ba4 g6 8. d3 Bg7 9. Bg5 Ne7 10. Bxd7+ Qxd7 11. O-O O-O 12. Rd1 Qe6 13. Bxf6 Bxf6 14. d4 exd4 15. cxd4 d5 16. e5 Bg7 17. Re1 f6 18. exf6 Qxe2 19. Rxe2 Bxf6 20. Nc3 c6 21. Ne5 Bxe5 22. Rxe5 Nf5 23. Rd1 Rae8 24. Re2 Rxe2 25. Nxe2 Re8 26. Nc3 Nd6 27. b3 Kf7 28. Kf1 Nb5 29. Nxb5 axb5 30. Re1 Rxe1+ 31. Kxe1 b6 32. b4 Ke6 33. Kd2 Kf5 34. Ke3 h5 35. f3 g5 36. g3 Ke6 37. f4 g4 38. h4 Kf5 39. a3 Ke6 40. Kd3 Kf5 41. Ke3 Ke6 42. Kd3 Kf5 43. Ke3 1/2-1/2

[Event "Daventry 4NCL U1700"]
[Site "Daventry"]
[Date "2025.04.19"]
[Round "2.13"]
[White "Raj Konwar, Daryan"]
[Black "Fraser, Chris A"]
[Result "1/2-1/2"]
[WhiteElo "1294"]
[BlackElo "1548"]
[PlyCount "148"]
[EventDate "2025.04.18"]
[EventType "swiss"]
[EventRounds "7"]
[EventCountry "ENG"]
[SourceTitle "BritBase"]
[Source "John Saunders"]
[SourceDate "2025.09.18"]
[SourceVersion "1"]
[SourceVersionDate "2025.09.18"]
[SourceQuality "1"]

1. e4 c5 2. c3 Nf6 3. e5 Nd5 4. Bc4 Nb6 5. Bb3 d6 6. exd6 Qxd6 7. d4 cxd4 8. Nf3 Nc6 9. O-O Be6 10. Bxe6 Qxe6 11. cxd4 Rd8 12. Bf4 g6 13. Bc7 Rd7 14. Bxb6 axb6 15. Nc3 Bg7 16. d5 Qf6 17. Qe2 Ne5 18. Nxe5 Qxe5 19. Qb5 Qc7 20. Rac1 Qd8 21. d6 e6 22. Ne4 O-O 23. h3 f5 24. Ng5 Rxd6 25. Nf3 h6 26. Qb3 Kh7 27. Rfd1 e5 28. Rxd6 Qxd6 29. Rd1 Qc7 30. Qe6 e4 31. Nh4 Rf6 32. Qe8 Qf7 33. Qxf7 Rxf7 34. g3 Bxb2 35. Rd6 g5 36. Rxb6 Bd4 37. Rb4 Bc5 38. Rb5 b6 39. Ng2 Rd7 40. Ne3 Bxe3 41. fxe3 Rd2 42. Rxb6 Rxa2 43. Rf6 Re2 44. Rxf5 Rxe3 45. Kf2 Ra3 46. Rf7+ Kg6 47. Re7 Ra2+ 48. Ke3 Ra3+ 49. Kf2 Ra4 50. g4 Ra3 51. Re6+ Kg7 52. Rxe4 Rxh3 53. Re6 h5 54. gxh5 Rxh5 55. Kg3 Rh4 56. Ra6 Rf4 57. Ra7+ Kg6 58. Ra6+ Kh5 59. Ra5 Rg4+ 60. Kh3 Rb4 61. Kg2 Kh4 62. Rf5 g4 63. Rf2 Rb3 64. Ra2 Rg3+ 65. Kh2 Rb3 66. Rc2 Rf3 67. Kg2 Rg3+ 68. Kh2 Rf3 69. Kg2 Rf4 70. Rc3 Rd4 71. Rc2 g3 72. Re2 Rf4 73. Rd2 Kg4 74. Re2 Rd4 1/2-1/2

[Event "Daventry 4NCL U1700"]
[Site "Daventry"]
[Date "2025.04.19"]
[Round "2.14"]
[White "Loyden, Gary"]
[Black "Nagaram, Sai Saatvik"]
[Result "1-0"]
[WhiteElo "1531"]
[BlackElo "909"]
[PlyCount "65"]
[EventDate "2025.04.18"]
[EventType "swiss"]
[EventRounds "7"]
[EventCountry "ENG"]
[SourceTitle "BritBase"]
[Source "John Saunders"]
[SourceDate "2025.09.18"]
[SourceVersion "1"]
[SourceVersionDate "2025.09.18"]
[SourceQuality "1"]

1. e4 e5 2. Nf3 Nc6 3. Nc3 Nf6 4. d4 exd4 5. Nxd4 Bc5 6. Be3 O-O 7. Nxc6 dxc6 8. Bxc5 b6 9. Bxf8 Qxf8 10. Be2 b5 11. Bf3 b4 12. Ne2 Rb8 13. O-O c5 14. Re1 Rb6 15. e5 Nd7 16. Nf4 Re6 17. Nxe6 fxe6 18. Qd2 Qf5 19. Qe2 a5 20. Rad1 a4 21. Bg4 Qf7 22. Qc4 h5 23. Bxe6 Qxe6 24. Qxe6+ Kh7 25. Rxd7 Bxd7 26. Qxd7 c4 27. Qxa4 c5 28. Qc6 c3 29. bxc3 bxc3 30. Re3 c4 31. Rg3 h4 32. Qg6+ Kg8 33. Qxg7# 1-0

[Event "Daventry 4NCL U1700"]
[Site "Daventry"]
[Date "2025.04.19"]
[Round "2.15"]
[White "Butler, Rene"]
[Black "Van Neerven, Yvon"]
[Result "0-1"]
[WhiteElo "1499"]
[BlackElo "1222"]
[PlyCount "84"]
[EventDate "2025.04.18"]
[EventType "swiss"]
[EventRounds "7"]
[EventCountry "ENG"]
[SourceTitle "BritBase"]
[Source "John Saunders"]
[SourceDate "2025.09.18"]
[SourceVersion "1"]
[SourceVersionDate "2025.09.18"]
[SourceQuality "1"]

1. d4 Nf6 2. Nf3 g6 3. Bf4 Bg7 4. e3 O-O 5. Be2 d6 6. O-O Nbd7 7. Nbd2 Nh5 8. Bg5 c5 9. Nb3 b6 10. Nfd2 Nhf6 11. Bf3 Rb8 12. c3 b5 13. h4 c4 14. Nc1 Re8 15. h5 e5 16. d5 h6 17. Bh4 g5 18. Bg3 Nc5 19. e4 Na4 20. Rb1 Bd7 21. Re1 Qc7 22. a3 a5 23. Na2 Nc5 24. Nc1 Na4 25. Na2 Rf8 26. Qc2 Nc5 27. Nc1 Qc8 28. Qd1 g4 29. Be2 Ncxe4 30. Nxe4 Nxe4 31. Bxg4 Bxg4 32. f3 Nxg3 33. fxg4 f5 34. Re3 Ne4 35. gxf5 Qxf5 36. Qc2 Qf1+ 37. Kh2 Qf4+ 38. Rg3 Qxg3+ 39. Kg1 Nf2 40. Ne2 Qg4 41. Kh2 Qxh5+ 42. Kg3 Nh1+ 0-1

[Event "Daventry 4NCL U1700"]
[Site "Daventry"]
[Date "2025.04.19"]
[Round "2.17"]
[White "Fletcher, Ben J"]
[Black "Homer, Neil S"]
[Result "1-0"]
[WhiteElo "1431"]
[BlackElo "1683"]
[PlyCount "69"]
[EventDate "2025.04.18"]
[EventType "swiss"]
[EventRounds "7"]
[EventCountry "ENG"]
[SourceTitle "BritBase"]
[Source "John Saunders"]
[SourceDate "2025.09.18"]
[SourceVersion "1"]
[SourceVersionDate "2025.09.18"]
[SourceQuality "1"]

1. e4 c6 2. d4 d5 3. e5 c5 4. Nf3 Nc6 5. dxc5 e6 6. a3 Bxc5 7. b4 Bb6 8. Bb2 f6 9. Nbd2 fxe5 10. Nxe5 Nf6 11. Ndf3 Nxe5 12. Bxe5 O-O 13. Bd3 Bd7 14. O-O Bc7 15. Re1 Rc8 16. h3 Bxe5 17. Nxe5 Rc7 18. Re2 Bc8 19. Qd2 Re7 20. Qe3 b6 21. Nc6 Qc7 22. Nxe7+ Qxe7 23. Rae1 g6 24. c4 Qc7 25. Qe5 Qf7 26. cxd5 Nxd5 27. Qg3 Nf4 28. Re3 Nxd3 29. Rxd3 Bb7 30. Rc3 Qd7 31. Rc7 Qd5 32. Re5 Qd1+ 33. Kh2 Bd5 34. Qh4 h5 35. Qe7 1-0

[Event "Daventry 4NCL U1700"]
[Site "Daventry"]
[Date "2025.04.19"]
[Round "2.18"]
[White "Webster, Vivien"]
[Black "Gelder, Stephanie"]
[Result "1-0"]
[WhiteElo "1664"]
[BlackElo "1488"]
[PlyCount "61"]
[EventDate "2025.04.18"]
[EventType "swiss"]
[EventRounds "7"]
[EventCountry "ENG"]
[SourceTitle "BritBase"]
[Source "John Saunders"]
[SourceDate "2025.09.18"]
[SourceVersion "1"]
[SourceVersionDate "2025.09.18"]
[SourceQuality "1"]

1. e4 b6 2. f4 Bb7 3. d3 e6 4. Nf3 Nf6 5. Be2 Be7 6. O-O O-O 7. c3 d6 8. Be3 Nbd7 9. h3 Re8 10. Nbd2 Nf8 11. Nh2 Qd7 12. Bf3 Rab8 13. Ng4 Nxg4 14. Bxg4 d5 15. f5 Bf6 16. fxe6 Nxe6 17. Bf5 dxe4 18. Nxe4 Bxe4 19. Bxe4 Qe7 20. Qh5 g6 21. Qg4 Ng7 22. Rae1 Qe6 23. Qf3 Be7 24. Bd5 Qf5 25. Bxf7+ Kxf7 26. Qd5+ Kf8 27. Rxf5+ Nxf5 28. Rf1 Kg7 29. Qe4 Kg8 30. Qd5+ Kf8 31. Bh6# 1-0

[Event "Daventry 4NCL U1700"]
[Site "Daventry"]
[Date "2025.04.19"]
[Round "2.19"]
[White "Morley, Ian"]
[Black "Morrish, John"]
[Result "0-1"]
[WhiteElo "1428"]
[BlackElo "1644"]
[PlyCount "98"]
[EventDate "2025.04.18"]
[EventType "swiss"]
[EventRounds "7"]
[EventCountry "ENG"]
[SourceTitle "BritBase"]
[Source "John Saunders"]
[SourceDate "2025.09.18"]
[SourceVersion "1"]
[SourceVersionDate "2025.09.18"]
[SourceQuality "1"]

1. e4 d5 2. exd5 Nf6 3. Nc3 e6 4. d4 Bb4 5. a3 Bxc3+ 6. bxc3 exd5 7. Bg5 O-O 8. Bd3 Re8+ 9. Ne2 Qd6 10. Bxf6 Qxf6 11. O-O Bg4 12. f3 Bh5 13. Ng3 Bg6 14. Bxg6 hxg6 15. Re1 Nd7 16. Nf1 g5 17. Nd2 g6 18. Rxe8+ Rxe8 19. Qf1 Re3 20. Qb5 Nb6 21. Qc5 c6 22. a4 Qe6 23. Nf1 Re1 24. Rxe1 Qxe1 25. Qd6 Nc4 26. Qg3 Qxc3 27. Qf2 Qa1 28. h4 gxh4 29. Qxh4 Nd2 30. Qf2 Nxf1 31. Qxf1 Qxd4+ 32. Kh2 Qxa4 33. Qe2 Qh4+ 34. Kg1 Qd8 35. f4 a5 36. f5 gxf5 37. Qe5 Qd7 38. Qb8+ Kg7 39. Qg3+ Kf8 40. Qb8+ Ke7 41. Qe5+ Qe6 42. Qc7+ Kf6 43. Qd8+ Kg7 44. Qxa5 Qe3+ 45. Kh2 b6 46. Qa1+ d4 47. Qa6 Qe5+ 48. Kg1 Qb5 49. Qa1 Qc5 0-1

[Event "Daventry 4NCL U1700"]
[Site "Daventry"]
[Date "2025.04.19"]
[Round "2.20"]
[White "Ajimal, Jet"]
[Black "Goldsmith, Jennifer"]
[Result "1/2-1/2"]
[WhiteElo "1629"]
[BlackElo "1379"]
[PlyCount "136"]
[EventDate "2025.04.18"]
[EventType "swiss"]
[EventRounds "7"]
[EventCountry "ENG"]
[SourceTitle "BritBase"]
[Source "John Saunders"]
[SourceDate "2025.09.18"]
[SourceVersion "1"]
[SourceVersionDate "2025.09.18"]
[SourceQuality "1"]

1. e4 c6 2. d4 d5 3. Nc3 dxe4 4. Nxe4 Nf6 5. Nxf6+ exf6 6. Nf3 Bd6 7. Be2 O-O 8. O-O Re8 9. c3 Be6 10. Be3 Nd7 11. Qc2 Nf8 12. Rad1 Qc8 13. Rfe1 Bd5 14. Nd2 Bc7 15. Bf3 Bxf3 16. Nxf3 Ng6 17. h3 Ne7 18. Re2 Qf5 19. Qxf5 Nxf5 20. Rde1 Nxe3 21. Rxe3 Rxe3 22. Rxe3 Bd6 23. Kf1 Kf8 24. Ke2 Re8 25. Rxe8+ Kxe8 26. Kd3 Ke7 27. a4 Ke6 28. Nd2 Bc7 29. c4 a5 30. Ne4 b6 31. Nc3 Bd8 32. d5+ cxd5 33. Nxd5 Kd6 34. Kd4 Kc6 35. b4 axb4 36. Nxb4+ Kd6 37. Nd3 Bc7 38. f3 Bd8 39. Nb2 Kc6 40. Nd1 Bc7 41. Ne3 Be5+ 42. Kd3 Kc5 43. Nd5 Bd6 44. g4 Be5 45. f4 Bd6 46. f5 Be5 47. h4 h6 48. h5 Bd6 49. Kc3 Be5+ 50. Kb3 Bd6 51. Nc3 Be5 52. Na2 Bf4 53. Nb4 Be5 54. Nd5 Bd6 55. Nb4 Bg3 56. Nd3+ Kd4 57. Nb4 Kc5 58. Na6+ Kc6 59. Kb4 Bd6+ 60. Kb3 Kb7 61. Nb4 Bc5 62. Nd3 Bd6 63. Nf2 Kc6 64. Ne4 Be7 65. Kc2 Bb4 66. Kd3 Be7 67. Kc3 Bf8 68. Kb3 Be7 1/2-1/2

[Event "Daventry 4NCL U1700"]
[Site "Daventry"]
[Date "2025.04.19"]
[Round "2.21"]
[White "Jerome, Stellio"]
[Black "Guest, Liam"]
[Result "1-0"]
[WhiteElo "1614"]
[BlackElo "1359"]
[PlyCount "89"]
[EventDate "2025.04.18"]
[EventType "swiss"]
[EventRounds "7"]
[EventCountry "ENG"]
[SourceTitle "BritBase"]
[Source "John Saunders"]
[SourceDate "2025.09.18"]
[SourceVersion "1"]
[SourceVersionDate "2025.09.18"]
[SourceQuality "1"]

1. f4 d5 2. Nf3 Nc6 3. e3 e6 4. Bb5 Bd7 5. O-O a6 6. Bxc6 Bxc6 7. d3 Bc5 8. Kh1 Ne7 9. Qe1 O-O 10. b4 Bb6 11. Bb2 Nf5 12. d4 Bb5 13. Rg1 Qd6 14. a4 Bd7 15. Nbd2 Ba7 16. Ba3 b6 17. b5 c5 18. bxc6 Qxc6 19. Bxf8 Rxf8 20. Ne5 Qc7 21. c4 dxc4 22. Ndxc4 b5 23. axb5 Bxb5 24. Rc1 Nd6 25. Na3 Qb7 26. Nxb5 Nxb5 27. Qb4 f6 28. Nc6 Re8 29. Nxa7 Qxa7 30. Rc6 Nc7 31. Rgc1 Nd5 32. Qa3 Qb7 33. Rxa6 Nxe3 34. Qa2 Kh8 35. Re1 Rc8 36. Rxe6 Qf7 37. d5 Nc2 38. Rc1 Qg6 39. Re2 h6 40. Rexc2 Re8 41. d6 Qd3 42. Rc8 Rxc8 43. Rxc8+ Kh7 44. Qc2 Qg6 45. Rh8+ 1-0

[Event "Daventry 4NCL U1700"]
[Site "Daventry"]
[Date "2025.04.19"]
[Round "2.22"]
[White "Collins, Nigel"]
[Black "Li, Pengxiang"]
[Result "1/2-1/2"]
[WhiteElo "1566"]
[BlackElo "1287"]
[PlyCount "90"]
[EventDate "2025.04.18"]
[EventType "swiss"]
[EventRounds "7"]
[EventCountry "ENG"]
[SourceTitle "BritBase"]
[Source "John Saunders"]
[SourceDate "2025.09.18"]
[SourceVersion "1"]
[SourceVersionDate "2025.09.18"]
[SourceQuality "1"]

1. c4 e5 2. Nc3 Nf6 3. g3 Bc5 4. Bg2 c6 5. Nf3 e4 6. Ng5 d5 7. d4 Bb4 8. cxd5 cxd5 9. O-O O-O 10. a3 Ba5 11. b4 Bc7 12. Nh3 Nbd7 13. f4 Nb6 14. e3 Nc4 15. Na4 Bg4 16. Qc2 b6 17. Nf2 Bd7 18. Nb2 b5 19. Nxc4 bxc4 20. Nd1 Ng4 21. h3 Nf6 22. Nc3 Qc8 23. Kh2 h5 24. a4 a6 25. Bb2 g6 26. Rab1 Kg7 27. Rh1 Rg8 28. Bc1 Kh8 29. Qf2 Bd8 30. Kg1 Be7 31. g4 hxg4 32. hxg4+ Kg7 33. g5 Nh5 34. Nxd5 Qf8 35. Bxe4 f5 36. Nxe7 Qxe7 37. Bxa8 Rxa8 38. Bd2 Bxa4 39. Bc3 Kf7 40. Qa2 Bc6 41. Qxc4+ Kf8 42. Qxc6 Qxe3+ 43. Kf1 Qxf4+ 44. Kg1 Qe3+ 45. Kf1 Qf4+ 1/2-1/2

[Event "Daventry 4NCL U1700"]
[Site "Daventry"]
[Date "2025.04.19"]
[Round "2.23"]
[White "Amudhavel, Aadharshini"]
[Black "Morris, Nigel W"]
[Result "1/2-1/2"]
[WhiteElo "1263"]
[BlackElo "1560"]
[PlyCount "64"]
[EventDate "2025.04.18"]
[EventType "swiss"]
[EventRounds "7"]
[EventCountry "ENG"]
[SourceTitle "BritBase"]
[Source "John Saunders"]
[SourceDate "2025.09.18"]
[SourceVersion "1"]
[SourceVersionDate "2025.09.18"]
[SourceQuality "1"]

1. e4 c5 2. Nf3 d6 3. Bc4 e6 4. Nc3 Nf6 5. d4 cxd4 6. Qxd4 a6 7. a4 Nc6 8. Qd1 Be7 9. O-O O-O 10. Bg5 Qc7 11. Re1 Rd8 12. Bxf6 Bxf6 13. Qd2 Na5 14. Bb3 Bxc3 15. bxc3 b6 16. Re3 Bb7 17. Rae1 Nc4 18. Bxc4 Qxc4 19. Rb1 Qc7 20. Nh4 Bc6 21. Rg3 Bxe4 22. Re1 d5 23. Qg5 f6 24. Qxf6 Qf7 25. Qe5 Bxc2 26. Ree3 Be4 27. Rg4 Rf8 28. f3 Bc2 29. f4 g6 30. Rgg3 Qf6 31. Qh5 Bf5 32. Rg5 Ra7 1/2-1/2

[Event "Daventry 4NCL U1700"]
[Site "Daventry"]
[Date "2025.04.19"]
[Round "2.24"]
[White "Yue, Blake"]
[Black "Williams, Leslie"]
[Result "0-1"]
[WhiteElo "1178"]
[BlackElo "1517"]
[PlyCount "172"]
[EventDate "2025.04.18"]
[EventType "swiss"]
[EventRounds "7"]
[EventCountry "ENG"]
[SourceTitle "BritBase"]
[Source "John Saunders"]
[SourceDate "2025.09.18"]
[SourceVersion "1"]
[SourceVersionDate "2025.09.18"]
[SourceQuality "1"]

1. e4 c5 2. Nc3 Nc6 3. d3 d6 4. g3 Nf6 5. Bg2 g6 6. f4 Bg7 7. Nf3 Bg4 8. h3 Bxf3 9. Bxf3 Nd4 10. Bg2 b5 11. e5 dxe5 12. fxe5 Nh5 13. Bxa8 Qxa8 14. Ne4 Bxe5 15. Rg1 f5 16. g4 fxe4 17. gxh5 Nf3+ 18. Ke2 exd3+ 19. cxd3 Nd4+ 20. Ke1 Qb8 21. Be3 Bg3+ 22. Kd2 Qe5 23. Qg4 Nf5 24. Qe4 Qxb2+ 25. Kd1 Qxa1+ 26. Bc1 O-O 27. Qe6+ Kg7 28. h6+ Kh8 29. Qe2 Qd4 30. Bb2 Ne3+ 31. Kc1 Rf2 32. Bxd4+ cxd4 33. Qxf2 Bxf2 34. Rg5 Nf5 35. Rg2 Be3+ 36. Kb1 Kg8 37. Rc2 Kf7 38. Rc7 a5 39. Rb7 Nd6 40. Ra7 a4 41. Kb2 Bf4 42. Ka3 Be5 43. Kb4 g5 44. Kc5 Bf6 45. Kd5 Kg6 46. Ke6 Kxh6 47. Rc7 Kg6 48. Rc2 h5 49. Rg2 Nf5 50. Rf2 g4 51. hxg4 hxg4 52. Rxf5 g3 53. Rxb5 Bg5 54. Ke5 Be3 55. Ke4 g2 56. Rb1 Kf6 57. Kf3 g1=Q 58. Rxg1 Bxg1 59. Ke4 e6 60. Kf4 e5+ 61. Ke4 Ke6 62. Kf3 Kd5 63. Ke2 e4 64. dxe4+ Kxe4 65. Kd2 Kd5 66. Kd3 Kc5 67. Kc2 Kc4 68. Kd2 Kb4 69. Kc2 Ka3 70. Kb1 d3 71. Kc1 Kxa2 72. Kd2 Kb2 73. Kxd3 a3 74. Ke4 a2 75. Ke5 a1=Q 76. Kd5 Qe1 77. Kd6 Qe4 78. Kd7 Qe5 79. Kc6 Kb3 80. Kd7 Qf6 81. Kc7 Kc4 82. Kb7 Qb6+ 83. Kc8 Kd5 84. Kd7 Qd6+ 85. Kc8 Qe7 86. Kb8 Kc6 0-1

[Event "Daventry 4NCL U1700"]
[Site "Daventry"]
[Date "2025.04.19"]
[Round "2.25"]
[White "Ronald, Ken"]
[Black "Calvert, William"]
[Result "1-0"]
[WhiteElo "1498"]
[BlackElo "897"]
[PlyCount "53"]
[EventDate "2025.04.18"]
[EventType "swiss"]
[EventRounds "7"]
[EventCountry "ENG"]
[SourceTitle "BritBase"]
[Source "John Saunders"]
[SourceDate "2025.09.18"]
[SourceVersion "1"]
[SourceVersionDate "2025.09.18"]
[SourceQuality "1"]

1. d4 d5 2. c4 c6 3. c5 e5 4. e3 e4 5. f3 Bf5 6. Nc3 Nf6 7. g4 Bg6 8. f4 h5 9. g5 Ng4 10. h3 Ne5 11. fxe5 Qxg5 12. Qe2 Na6 13. a3 f6 14. h4 Qf5 15. Bh3 Qxh3 16. Nxh3 Bf5 17. exf6 Bg4 18. fxg7 Bxg7 19. Qg2 Bf3 20. Qxg7 Bxh1 21. Qxh8+ Kd7 22. Qxa8 Nb4 23. axb4 Bf3 24. Qxb7+ Kd8 25. Rxa7 Bg4 26. Ra8+ Bc8 27. Rxc8# 1-0

[Event "Daventry 4NCL U1700"]
[Site "Daventry"]
[Date "2025.04.19"]
[Round "3.1"]
[White "Ben-Eshak, Djad"]
[Black "De Block, Gert"]
[Result "0-1"]
[WhiteElo "1468"]
[BlackElo "1654"]
[PlyCount "68"]
[EventDate "2025.04.18"]
[EventType "swiss"]
[EventRounds "7"]
[EventCountry "ENG"]
[SourceTitle "BritBase"]
[Source "John Saunders"]
[SourceDate "2025.09.18"]
[SourceVersion "1"]
[SourceVersionDate "2025.09.18"]
[SourceQuality "1"]

1. e4 e6 2. d4 d5 3. exd5 exd5 4. c4 Nf6 5. Nc3 Be6 6. cxd5 Nxd5 7. Bd3 Be7 8. Nge2 O-O 9. O-O Nd7 10. Nxd5 Bxd5 11. Nc3 Nf6 12. Bg5 h6 13. Bh4 Be6 14. Re1 Re8 15. Bg3 Rc8 16. Nb5 a6 17. Nxc7 Rxc7 18. Bxc7 Qxc7 19. Rc1 Qf4 20. g3 Qd6 21. Bc4 Nd5 22. Qb3 b5 23. Bxd5 Bxd5 24. Qc2 Be6 25. Qc6 Qxc6 26. Rxc6 Rd8 27. Rxa6 Rxd4 28. Ra8+ Kh7 29. Rb8 b4 30. Rb7 Bc5 31. Rc7 Rc4 32. Kg2 Rc2 33. Re5 Rxf2+ 34. Kg1 Bh3 0-1

[Event "Daventry 4NCL U1700"]
[Site "Daventry"]
[Date "2025.04.19"]
[Round "3.2"]
[White "Peel, James"]
[Black "Smith, Adam"]
[Result "1/2-1/2"]
[WhiteElo "1534"]
[BlackElo "1519"]
[PlyCount "47"]
[EventDate "2025.04.18"]
[EventType "swiss"]
[EventRounds "7"]
[EventCountry "ENG"]
[SourceTitle "BritBase"]
[Source "John Saunders"]
[SourceDate "2025.09.18"]
[SourceVersion "1"]
[SourceVersionDate "2025.09.18"]
[SourceQuality "1"]

1. c4 c6 2. d4 d5 3. cxd5 cxd5 4. Bf4 Nf6 5. Nc3 e6 6. e3 Bd6 7. Nf3 Bxf4 8. exf4 O-O 9. Bd3 Nc6 10. Rc1 Qb6 11. Qd2 g6 12. Bb1 Bd7 13. O-O Rad8 14. Rfd1 Bc8 15. Ne5 Ne4 16. Nxe4 dxe4 17. Nxc6 bxc6 18. Bxe4 Rd6 19. Qc3 Bb7 20. Rd2 Rfd8 21. Rcd1 Qc7 22. Qc5 Qb6 23. Qc3 Qc7 24. Qc5 1/2-1/2

[Event "Daventry 4NCL U1700"]
[Site "Daventry"]
[Date "2025.04.19"]
[Round "3.3"]
[White "Udin, Wade"]
[Black "Badley, Christopher"]
[Result "1-0"]
[WhiteElo "1521"]
[BlackElo "1483"]
[PlyCount "61"]
[EventDate "2025.04.18"]
[EventType "swiss"]
[EventRounds "7"]
[EventCountry "ENG"]
[SourceTitle "BritBase"]
[Source "John Saunders"]
[SourceDate "2025.09.18"]
[SourceVersion "1"]
[SourceVersionDate "2025.09.18"]
[SourceQuality "1"]

1. d4 d5 2. Bf4 c5 3. e4 cxd4 4. Qxd4 dxe4 5. Qxd8+ Kxd8 6. Nc3 Bf5 7. O-O-O+ Nd7 8. Nge2 e6 9. Ng3 Ngf6 10. Bg5 Be7 11. Bxf6 Bxf6 12. Bb5 a6 13. Bxd7 Ke7 14. Nxf5+ exf5 15. Ba4 Bg5+ 16. Kb1 Rhd8 17. a3 b5 18. Bb3 h5 19. Rxd8 Rxd8 20. Rd1 Rxd1+ 21. Nxd1 f4 22. Bd5 e3 23. fxe3 fxe3 24. Bf3 h4 25. h3 f5 26. c3 Kd6 27. Kc2 Ke5 28. Kd3 f4 29. c4 Be7 30. cxb5 axb5 31. b4 1-0

[Event "Daventry 4NCL U1700"]
[Site "Daventry"]
[Date "2025.04.19"]
[Round "3.4"]
[White "Shi, Kevin"]
[Black "Robinson, John K"]
[Result "1-0"]
[WhiteElo "1430"]
[BlackElo "1627"]
[PlyCount "129"]
[EventDate "2025.04.18"]
[EventType "swiss"]
[EventRounds "7"]
[EventCountry "ENG"]
[SourceTitle "BritBase"]
[Source "John Saunders"]
[SourceDate "2025.09.18"]
[SourceVersion "1"]
[SourceVersionDate "2025.09.18"]
[SourceQuality "1"]

1. e4 d6 2. d4 Nf6 3. Nc3 g6 4. Be3 Bg7 5. Qd2 Nbd7 6. Bd3 O-O 7. f3 c5 8. Nge2 cxd4 9. Nxd4 Nc5 10. Bc4 a5 11. a4 Bd7 12. Nb3 Nxb3 13. Bxb3 Bc6 14. O-O Qd7 15. Rfd1 Qc8 16. Bh6 Qb8 17. Bxg7 Qa7+ 18. Kh1 Kxg7 19. Nd5 Bxd5 20. exd5 Qc5 21. Re1 Rfe8 22. Re3 Rac8 23. Rae1 Rc7 24. Rc3 Qb4 25. Ree3 Rec8 26. Qe1 Ng8 27. Re4 Qb6 28. Ree3 Rxc3 29. Rxc3 Qb4 30. Re3 Qxe1+ 31. Rxe1 Rc7 32. Kg1 Nf6 33. Kf2 Kf8 34. Re3 Rc5 35. Rd3 Ke8 36. Ke3 Kd7 37. Kd4 Kd8 38. Rc3 Rxc3 39. Kxc3 Kc7 40. Bc4 Kb6 41. Kd4 Kc7 42. c3 Kb6 43. Bb5 h5 44. h3 h4 45. b4 e5+ 46. dxe6 fxe6 47. Bc4 e5+ 48. Ke3 g5 49. Bb3 Ka6 50. Kf2 b6 51. g3 Kb7 52. gxh4 gxh4 53. Ke3 Kc6 54. f4 exf4+ 55. Kxf4 axb4 56. cxb4 Kc7 57. Kg5 Ne4+ 58. Kxh4 Nd2 59. Bd5 Nf1 60. Kg5 Ne3 61. Bb3 d5 62. a5 d4 63. h4 d3 64. a6 d2 65. a7 1-0

[Event "Daventry 4NCL U1700"]
[Site "Daventry"]
[Date "2025.04.19"]
[Round "3.5"]
[White "Cureton, Oliver"]
[Black "Loyden, Gary"]
[Result "1/2-1/2"]
[WhiteElo "1340"]
[BlackElo "1531"]
[PlyCount "34"]
[EventDate "2025.04.18"]
[EventType "swiss"]
[EventRounds "7"]
[EventCountry "ENG"]
[SourceTitle "BritBase"]
[Source "John Saunders"]
[SourceDate "2025.09.18"]
[SourceVersion "1"]
[SourceVersionDate "2025.09.18"]
[SourceQuality "1"]

1. e4 c5 2. Nf3 g6 3. d4 cxd4 4. Nxd4 Bg7 5. Nc3 Nc6 6. Be3 Nf6 7. Bc4 Qa5 8. Nb3 Qb4 9. Bd3 Nxe4 10. Bxe4 Bxc3+ 11. bxc3 Qxe4 12. O-O d6 13. Re1 Qf5 14. Nd4 Nxd4 15. Qxd4 Rg8 16. Bf4 Be6 17. Rad1 Qc5 1/2-1/2

[Event "Daventry 4NCL U1700"]
[Site "Daventry"]
[Date "2025.04.19"]
[Round "3.6"]
[White "Van Neerven, Yvon"]
[Black "Li, Emmanuelle"]
[Result "1-0"]
[WhiteElo "1222"]
[BlackElo "1289"]
[PlyCount "65"]
[EventDate "2025.04.18"]
[EventType "swiss"]
[EventRounds "7"]
[EventCountry "ENG"]
[SourceTitle "BritBase"]
[Source "John Saunders"]
[SourceDate "2025.09.18"]
[SourceVersion "1"]
[SourceVersionDate "2025.09.18"]
[SourceQuality "1"]

1. Nf3 Nf6 2. d4 d5 3. Bf4 Bf5 4. e3 a6 5. c4 e6 6. Nc3 c5 7. Qb3 Qd7 8. Na4 Qd8 9. Qxb7 Nbd7 10. Be2 Be7 11. O-O O-O 12. h3 Bc2 13. b3 Nh5 14. Bh2 Be4 15. Rac1 Nhf6 16. Qc7 dxc4 17. Bxc4 Bxf3 18. Qxd8 Rfxd8 19. gxf3 cxd4 20. exd4 Ba3 21. Rcd1 a5 22. Rfe1 Ne8 23. d5 Nf8 24. dxe6 fxe6 25. Rxd8 Rxd8 26. Bxe6+ Nxe6 27. Rxe6 Rd1+ 28. Kg2 Nf6 29. Re5 Bb4 30. Rb5 Ra1 31. Bc7 Rxa2 32. Bxa5 Bxa5 33. Rxa5 1-0

[Event "Daventry 4NCL U1700"]
[Site "Daventry"]
[Date "2025.04.19"]
[Round "3.7"]
[White "Fraser, Chris A"]
[Black "Oliveri, Omar"]
[Result "0-1"]
[WhiteElo "1548"]
[BlackElo "1699"]
[PlyCount "92"]
[EventDate "2025.04.18"]
[EventType "swiss"]
[EventRounds "7"]
[EventCountry "ENG"]
[SourceTitle "BritBase"]
[Source "John Saunders"]
[SourceDate "2025.09.18"]
[SourceVersion "1"]
[SourceVersionDate "2025.09.18"]
[SourceQuality "1"]

1. e4 e6 2. b3 d5 3. Bb2 Nc6 4. e5 Bd7 5. d4 Nge7 6. Nf3 Nf5 7. c3 Na5 8. Na3 b6 9. Nc2 c5 10. Be2 cxd4 11. cxd4 Rc8 12. O-O Nc6 13. a3 a5 14. Rc1 Be7 15. Qd2 f6 16. Ne3 Nxe3 17. Qxe3 O-O 18. Bd3 fxe5 19. Nxe5 Nxe5 20. Qxe5 Bf6 21. Qh5 g6 22. Bxg6 hxg6 23. Qxg6+ Bg7 24. f4 Qf6 25. Qg3 Rxc1 26. Rxc1 Qxf4 27. Qe1 Bxd4+ 28. Bxd4 Qxd4+ 29. Kh1 Qf2 30. Qd1 Qf5 31. h3 Bb5 32. Qd2 Qf4 33. Qc2 Qxc1+ 34. Qxc1 Rf1+ 35. Qxf1 Bxf1 36. Kg1 Bd3 37. Kf2 Be4 38. g3 Kg7 39. Ke3 Kf6 40. b4 Ke5 41. bxa5 bxa5 42. h4 d4+ 43. Kf2 Kf5 44. h5 Kg5 45. h6 Kxh6 46. g4 Kg5 0-1